000 00197 a2200097 4500
001 46773
100 _aBush E
245 _aGallipoli
260 _aLondon
_bGeorge Allen
_c
090 _c29867
_d29867
942 _aNUST-CAE
_cM
_c22076
999 _c281846
_d281846